| 000 | 00762nam a22001817a 4500 | ||
|---|---|---|---|
| 005 | 20240723123003.0 | ||
| 010 | _aHIN-128037 | ||
| 020 |
_a978-93-89625-73-8 _c400.00 |
||
| 035 | _aHN-100383 | ||
| 037 | _bDBAD | ||
| 100 |
_aअंक ज्योति _968750 |
||
| 245 |
_aशब्द सितारे/ _cराजेश वर्मा |
||
| 250 | _a1 | ||
| 260 |
_a न्यू दिल्ली _b भोले प्रिंटिंग प्रेस , मौजपुर _c2021 |
||
| 270 |
_a600/5-ए , आदर्श महोल्ला , गली न0 15 _b न्यूदिल्ली _e110053 |
||
| 300 |
_a241पृष्ठ; _c21सेमी(अजिल्द) |
||
| 942 |
_2ddc _cHN _hबादल र _m928.54 |
||
| 999 |
_c204300 _d204300 |
||